| 000 | 00000nam##2200000za#4500 |
| 001 | 9.642003 |
| 003 | CaOODSP |
| 005 | 20210624223502 |
| 007 | cr ||||||||||| |
| 008 | 150407|2006||||xxc|||||o f|0| 0 fre|d |
| 040 | |aCaOODSP|bfre |
| 043 | |an-cn--- |
| 086 | 1 |aEn4-216/2006F-PDF |
| 110 | 1 |aCanada. |bEnvironnement Canada. |bDirection générale de la vérification et de l'évaluation. |
| 245 | 10|aÉvaluation du programme du Défi d'une tonne : |h[ressource électronique]|brapport final |
| 260 | |aGatineau - Québec : |bEnvironnement Canada. |cLe 18 juillet 2006. |
| 300 | |a66p.|bfigure, tableaux |
| 590 | |a13-14-Supp|b2013-05-30 |
| 775 | 08|tEvaluation of the One-Tonne Challenge program : |w(CaOODSP)9.698006 |
| 856 | 40|ahttp://publications.gc.ca|qPDF|s369 Ko|uhttps://publications.gc.ca/collections/collection_2013/ec/En4-216-2006-fra.pdf |